5HLuxD.jpg

KING HENRY VIII SENIOR AND PRIMARY SCHOOL LIBRARY OPAC

ANIMAL MUSIC (Record no. 4840)

000 -LEADER
fixed length control field 00277nam a22001217a 4500
008 - FIXED-LENGTH DATA ELEMENTS--GENERAL INFORMATION
fixed length control field 250325b ||||| |||| 00| 0 eng d
020 ## - INTERNATIONAL STANDARD BOOK NUMBER
International Standard Book Number 9781447210955
082 ## - DEWEY DECIMAL CLASSIFICATION NUMBER
Classification number 823.92 DON
100 ## - MAIN ENTRY--PERSONAL NAME
Personal name DONALSON,JULIA
Relator term AUTHOR
245 ## - TITLE STATEMENT
Title ANIMAL MUSIC
260 ## - PUBLICATION, DISTRIBUTION, ETC.
Name of publisher, distributor, etc. MACMILLAN
942 ## - ADDED ENTRY ELEMENTS (KOHA)
Source of classification or shelving scheme

No items available.

Powered By KH8 IT Dept